000 00369cam a2200157ua 4500
041 _aeng
_h
082 _a828.09
_bFRA/DY
100 _aFraser, G S .
245 _aDylan Thomas /
_cG S Fraser.
_hTextual Documents
250 _a1 /
_b.
260 _aLondon :
_bLongman Green and Co ,
_c1960.
300 _a36 ; .
504 _a
942 _cBK
999 _c8878
_d8878